Rise of statistical thinking,1820-1900 (Record no. 619806)

MARC details
000 -LEADER
fixed length control field 00713nam a2200217Ia 4500
003 - CONTROL NUMBER IDENTIFIER
control field OSt
005 - DATE AND TIME OF LATEST TRANSACTION
control field 20250711112336.0
008 - FIXED-LENGTH DATA ELEMENTS--GENERAL INFORMATION
fixed length control field 220923b |||||||| |||| 00| 0 eng d
037 ## - SOURCE OF ACQUISITION
Terms of availability Reference
040 ## - CATALOGING SOURCE
Original cataloging agency RTL
Transcribing agency RTL
Language of cataloging eng
041 ## - LANGUAGE CODE
Source of code eng
Language code of text/sound track or separate title eng
084 ## - COLON CLASSIFICATION NUMBER
Classification number B28v M6/SC
Assigning agency RTL
100 ## - MAIN ENTRY--PERSONAL NAME
Personal name Porter, Theodore M.
9 (RLIN) 314012
245 #0 - TITLE STATEMENT
Title Rise of statistical thinking,1820-1900
260 ## - PUBLICATION, DISTRIBUTION, ETC.
Place of publication, distribution, etc. New Jersey
Name of publisher, distributor, etc. Princeton University Press
Date of publication, distribution, etc. 1986
300 ## - PHYSICAL DESCRIPTION
Extent xii, 333 p.
Other physical details Includes bibliographical references and index
650 ## - SUBJECT ADDED ENTRY--TOPICAL TERM
Topical term or geographic name entry element Mathematical statistics--History--19th century
9 (RLIN) 815349
650 ## - SUBJECT ADDED ENTRY--TOPICAL TERM
Topical term or geographic name entry element Mathematical statistics
942 ## - ADDED ENTRY ELEMENTS (KOHA)
Classification part B28v, M6/SC
Koha item type Reference
Source of classification or shelving scheme Colon Classification (CC)
Suppress in OPAC No
Holdings
Withdrawn status Lost status Damaged status Not for loan Home library Current library Date acquired Total Checkouts Full call number Barcode Date last seen Price effective from Koha item type
        Ratan Tata Library Ratan Tata Library 2022-09-26   B28v M6/SC RT1149385 2022-09-26 2022-09-26 General Books
Copyright @ Delhi University Library System